| 000 | 01214nam a22003377a 4500 | ||
|---|---|---|---|
| 003 | CHAP | ||
| 005 | 20220329135012.0 | ||
| 008 | 971013s1976 r 00010 d | ||
| 010 | _a29345 | ||
| 011 | _a30317 | ||
| 035 | _a34429 | ||
| 040 | _cCHAP | ||
| 090 | _aTesis | ||
| 100 | 0 | 0 |
_aMadero Rodríguez, Jaime Guillermo. _969678 |
| 245 | _aDeterminación de deficiencias y toxicidades minerales del ganado bovino en el Estado de Nuevo León. I. Determinación de niveles, Bustamante, N.L. | ||
| 260 |
_a(Monterrey, N.L.) : _bEl autor, _c1976 |
||
| 300 | _a124 h | ||
| 502 | _aTesis (Ing. Agrónomo Zootecnista) -- ITESM. Div. de Ciencias Agropecuarias y Marítimas | ||
| 590 |
_aALEPH _b10 _c20130110 _lUCH01 _h1251 |
||
| 590 |
_aBATCH-UPD _b10 _c20130110 _lUCH01 _h0926 |
||
| 590 |
_aBATCH-UPD _b10 _c20130410 _lUCH01 _h0547 |
||
| 590 |
_aBATCH-UPD _b10 _c20130914 _lUCH01 _h1430 |
||
| 590 |
_aCONVERSION _b10 _c20130109 _lUCH01 _h1317 |
||
| 650 | 1 | 4 |
_aAnimales _xElementos minerales. _95861 |
| 650 | 1 | 4 |
_aForrajes _xValor nutritivo. _942601 |
| 650 | 1 | 4 |
_aSelenio _xToxicidad. _9103792 |
| 650 | 1 | 4 |
_aToxicología veterinaria. _9114457 |
| 901 | _aBK | ||
| 942 | _cTESIS | ||
| 949 |
_bBC _cTES _d-79700 _eTS1 _i34429 _si |
||
| 999 |
_c29345 _d29345 |
||